Courts today

Bibliographic Details
Format: Electronic Journal
Language:English
Published: Levittown, New York : Criminal Justice Media
Subjects:
Online Access:Full text available from Research Library: 02/01/2007 to present

MARC

LEADER 00000nas a2200000 i 4500
001 ssj0001070398
003 WaSeSS
005 20200512172242.0
006 m d
007 cr n
008 131213c20uu9999nyub| p|s|||||| |0eng d
035 |a (WaSeSS)ssj0001070398 
040 |a WaSeSS  |b eng  |c WaSeSS  |d WaSeSS 
043 |a n-us--- 
050 1 4 |a KF8700.A15 
245 0 0 |a Courts today  |h [electronic resource]. 
260 |a Levittown, New York :  |b Criminal Justice Media 
310 |a Bimonthly 
506 |a License restrictions may limit access. 
588 |a Description based on: Volume 5, Number 1 (February/March 2007); title from article pdf (ProQuest, viewed Dec. 13, 2013). 
588 |a Latest issue consulted: Volume 11, Number 5 (October/November 2013) (viewed Dec. 13, 2013). 
650 0 |a Courts  |z United States  |v Periodicals. 
650 0 |a Court administration  |z United States  |v Periodicals. 
655 0 |a Electronic journals. 
856 4 0 |z Full text available from Research Library: 02/01/2007 to present  |u https://search.proquest.com/publication/38585